South America In Pig Latin Map Quiz - Statistics

General Stats
  • This quiz has been taken 71 times
  • The average score is 11 of 14
Answers on the Map
Answers color-coded by a green-red scale on the quiz's map according to % correct below.
 
Answer Stats
Answer % Correct
Azilbray
87%
Argentinaway
85%
Ilechay
85%
Araguaypay
80%
Ecuadorway
80%
Erupay
80%
Oliviabay
80%
Olombiacay
80%
Urinamesay
80%
Alklandfay Islandsway
78%
Enezuelavay
78%
Uruguayway
76%
Enchfray Uianagay
74%
Uyanagay
72%
No matching quizzes found
Score Distribution
Percent of People with Each Score
Percentile by Number Answered
Your Score History
You have not taken this quiz